header

Kickoff (Record no. 261027)

MARC details
000 -LEADER
fixed length control field 00227nam a22001097a 4500
020 ## - INTERNATIONAL STANDARD BOOK NUMBER
ISBN 139780545073899
100 ## - MAIN ENTRY--AUTHOR NAME
Personal name Donna King
245 ## - TITLE STATEMENT
Title Kickoff
260 ## - PUBLICATION, DISTRIBUTION, ETC. (IMPRINT)
Place of publication United States
Name of publisher Scholastic
Year of publication 2007
300 ## - PHYSICAL DESCRIPTION
Number of Pages 158
942 ## - ADDED ENTRY ELEMENTS (KOHA)
Koha item type Long Loan Books
Holdings
Withdrawn status Lost status Collection code Home library Current library Shelving location Date acquired Koha item type
    Fiction Rongo University Library Rongo University Library Children's Area 27/10/2023 Long Loan Books

© 2026 Rongo University
Contact us: librarian | system librarian | Rongo university